Quelle ville de la Côte-d'Or ? - Statistiques

Statistiques générales
  • Ce quiz a été pris 25 fois
  • Le résultat moyen est 9 sur 20
Statistiques - réponses
Quelle commune costalorienne... Lettre Ville % Correct
...est célèbre pour ses hospices à la toiture de tuile vernissée ? B Beaune
96%
...fut la capitale des ducs de Bourgogne, dont elle abrite encore le palais ? D Dijon
92%
...vit César triompher de la coalition gauloise menée par Vercingétorix ? A Alise-Sainte-Reine
88%
...vit naître le naturaliste Buffon qui y donne son nom à une place et un musée ? M Montbard
64%
...vit naître l'humoriste Guillaume Meurice, en banlieue de cette dernière ? C Chenôve
60%
...est la plus peuplée traversée par la Tille après cette dernière ? I Is-sur-Tille
52%
...est la plus grande ville du département située sur la Saône ? A Auxonne
48%
...dispose de musées consacrés au cassis et aux crémants de Bourgogne ? N Nuits-Saint-Georges
44%
...fut la capitale du baillage principal du comté d'Auxois ? S Semur-en-Auxois
44%
...est indissociable du fromage à pâte molle auquel elle donne son nom ? E Epoisses
40%
...est un plus beau village de France célèbre pour ses anis ? F Flavigny-sur-Ozerain
40%
...abrite les ruines du château des ducs de Bourgogne ? C Châtillon-sur-Seine
32%
...sert de décor à La Grande Vadrouille, mais pas à L'Etranger ? M Meursault
32%
...voit la Seine prendre sa source, comme son nom l'indique ? S Source-Seine
32%
...est le seul autre PBVdF du département, au château médiéval pas si récent ? C Châteauneuf
24%
...est le lieu d'origine de la maison bourguignonne de Janly ? G Genlis
24%
...était peuplée de 1533 Polliennes et Polliens en 2023 ? P Pouilly-en-Auxois
24%
...est célèbre pour son château, son clos et l'appellation grand cru associée ? V Vougeot
24%
...est réputée pour son pinot noir et son fromage affiné au son de moutarde ? P Pommard
20%
...marque l'arrivée de l'itinéraire de la Route des Grands Crus ? S Santenay
16%
Aucun quiz correspondant
Distribution des résultats
% des personnes avec chaque résultat
Percentile par nombre de réponses
Votre historique - résultats
Vous n’avez pas pris ce quiz